[Event "Oberbayerische Jugend-EM 2014/15  U16/U16w"]
[Site "Riedenburg"]
[Date "2015.02.18"]
[Round "1"]
[White "Ovsepyan, Arshak"]
[Black "Gnettner, Fabian"]
[Result "1-0"]
[BlackElo "1587"]
[WhiteElo "2115"]

1.d4 g6 2.c4 Bg7 3.Nc3 d6 4.e4 Nd7 5.Nge2 c5 6.d5 Ne5 7.Ng3 h5 8.h4 Bd7 9.Be2 Nf6
10.Bf4 Nh7 11.Qd2 Qa5 12.a3 a6 13.O-O O-O 14.Bh6 b5 15.Bxg7 Kxg7 16.f4 Nxc4 17.Bxc4
bxc4 18.f5 Rab8 19.Rf2 Nf6 20.Qg5 Rh8 21.fxg6 fxg6 22.e5 dxe5 23.Qxe5 Qd8 24.Nce4
Rb6 25.d6 Re8 26.Raf1 exd6 27.Qxf6+ Qxf6 28.Nxf6 Re7 29.Nd5   1-0

[Event "Oberbayerische Jugend-EM 2014/15  U16/U16w"]
[Site "Riedenburg"]
[Date "2015.02.18"]
[Round "1"]
[White "Tupta, Szymon"]
[Black "von Schlippe, Nikolai"]
[Result "0-1"]
[BlackElo "1972"]
[WhiteElo "1505"]

1.e4 c5 2.Nf3 d6 3.d4 cxd4 4.Nxd4 Nf6 5.Nc3 g6 6.Be3 Nc6 7.f3 Bg7 8.Qd2 O-O 9.O-O-O
Nxd4 10.Bxd4 Be6 11.Kb1 Qc7 12.Nd5 Bxd5 13.exd5 Rac8 14.Rc1 e5 15.Be3 Rfe8 16.g4
h5 17.g5 Nd7 18.Bh3 Ra8 19.Bxd7 Qxd7 20.f4 Rac8 21.Rhf1 Qf5 22.fxe5 Qxe5   0-1

[Event "Oberbayerische Jugend-EM 2014/15  U16/U16w"]
[Site "Riedenburg"]
[Date "2015.02.18"]
[Round "1"]
[White "Gauchel, Lorenz"]
[Black "Wagner, Patrick"]
[Result "0-1"]
[BlackElo "1492"]
[WhiteElo "1811"]

1.d4 Nf6 2.c4 e6 3.Nc3 c5 4.d5 d6 5.e4 g6 6.Bd3 Bg7 7.Nge2 Na6 8.O-O O-O 9.Bf4 e5
10.Bd2 Bd7 11.f3 Ne8 12.Qc1 f5 13.a3 f4 14.Rb1 Nac7 15.b4 b6 16.bxc5 bxc5 17.Bc2
g5 18.Ba4 Rf6 19.g4 h5 20.Bxd7 Qxd7 21.h3 Rh6 22.Kg2 Nf6 23.Rh1 Nce8 24.Qb2 Rc8 25.Qb5
Qf7 26.Qa6 Rc7 27.Rb8 Bf8 28.Rbb1 hxg4 29.hxg4 Nxg4 30.fxg4 f3+ 31.Kf2 fxe2+ 32.Kxe2
Qd7 33.Rhg1 Nf6 34.Qb5 Qh7 35.Kd3 Rh3+ 36.Be3 Rf7 37.Rbe1 Nxe4 38.Nxe4 Rf4 39.Qb3
Qxe4+ 40.Kd2 Rxg4 41.Rxg4 Qxg4 42.Qd3 Rh2+ 43.Kc1 e4 44.Qb3 Rg2 45.Qb8 Qg3 46.Bd2
Qxa3+ 47.Kb1 Rxd2 48.Qxf8+ Kxf8 49.Rf1+ Kg7 50.Rf7+ Kg6 51.Rf6+ Kh5 52.Rh6+ Kg4 53.Rh4+
Kf3 54.Rf4+ Ke2 55.Rf2+ Kd3 56.Rf3+ Kxc4 57.Rc3+ Kxd5 58.Rd3+ Qxd3+   0-1

[Event "Oberbayerische Jugend-EM 2014/15  U16/U16w"]
[Site "Riedenburg"]
[Date "2015.02.18"]
[Round "1"]
[White "Hausmann, Sarah"]
[Black "Daoud, Marcel"]
[Result "1-0"]
[BlackElo "1672"]
[WhiteElo "1399"]

1.e4 e6 2.d4 d5 3.exd5 exd5 4.Bd3 Nc6 5.c3 Bd6 6.Ne2 Nge7 7.Bf4 Bg4 8.Bxd6 Qxd6 9.Na3
Ng6 10.f3 Be6 11.Qd2 O-O-O 12.O-O-O Kb8 13.f4 Bg4 14.g3 Rhe8 15.Rhf1 f5 16.Rde1 Nf8
17.Ng1 Qd7 18.Nc2 g6 19.Ne3 Bh5 20.Nf3 Bxf3 21.Rxf3 h5 22.Rf2 Nh7 23.h3 Nf6 24.Ng2
Qf7 25.Kb1 Ne4 26.Bxe4 dxe4 27.Ne3 Re6 28.Qe2 Ne7 29.Nc4 Ra6 30.b3 Nd5 31.Qc2 Qe7
32.Rc1 Rc6 33.Qb2 Re6 34.Ne5 c5 35.Rd2 cxd4 36.Rxd4 Rxe5 37.fxe5 Qxe5 38.Ka1 Rc8
39.c4 Nb4 40.Qc3 e3 {Schwarz ueberschritt mit Ausfuehrung des 40. Zuges die Bedenkzeit.}
  1-0

[Event "Oberbayerische Jugend-EM 2014/15  U16/U16w"]
[Site "Riedenburg"]
[Date "2015.02.18"]
[Round "1"]
[White "Manco, Michela"]
[Black "Shvartsman, Kristina"]
[Result "1-0"]
[BlackElo "1364"]
[WhiteElo "1640"]

1.e4 c5 2.Nf3 Nc6 3.c3 d6 4.d4 cxd4 5.cxd4 e6 6.Nc3 a6 7.Bc4 Nf6 8.O-O b5 9.Bd3 Be7
10.Ne2 Bb7 11.Ng3 O-O 12.h3 Rc8 13.Be3 Nb4 14.Re1 Nxd3 15.Qxd3 Nd7 16.Rac1 Rxc1 17.Rxc1
Qa8 18.Rc7 Rd8 19.Bd2 Bf8 20.Ba5 Bc8 21.Qc2 Nf6 22.Rxf7 Kxf7 23.Bxd8 Bb7 24.Ng5+
Ke8 25.Qc7 Nxe4 26.Qf7+ Kxd8 27.Nxe6+   1-0

[Event "Oberbayerische Jugend-EM 2014/15  U16/U16w"]
[Site "Riedenburg"]
[Date "2015.02.18"]
[Round "1"]
[White "Gauchel, Verena"]
[Black "Kobl, Rudolf"]
[Result "0-1"]
[BlackElo "1622"]
[WhiteElo "1287"]

1.d4 Nf6 2.Bf4 e6 3.Nf3 c5 4.c3 Nc6 5.e3 b6 6.h3 Bb7 7.Nbd2 d5 8.Bd3 Be7 9.O-O O-O
10.Qe2 Re8 11.Bc2 h6 12.Ne5 Bd6 13.Ndf3 Qc7 14.Rfe1 Nd7 15.Nxd7 Qxd7 16.Ne5 Qc7 17.Nxc6
Bxc6 18.Bxd6 Qxd6 19.dxc5 bxc5 20.e4 d4 21.Rad1 e5 22.Qc4 Rab8 23.Bb3 Re7 24.Re2
Bb5 25.Qd5 Qxd5 26.Bxd5 Bxe2 27.Rd2 Ba6 28.cxd4 cxd4 29.f3 Rc7 30.Kf2 Rbc8 31.Ke1
Rc1+ 32.Rd1 Rxd1+ 33.Kxd1 Bf1 34.g3 Bxh3 35.Kd2 Kf8 36.Kd3 Bf1+ 37.Kd2 Bc4 38.Bxc4
Rxc4 39.Kd3 Rc1 40.f4 Rg1 41.fxe5 Rxg3+ 42.Kxd4 h5 43.Kd5 h4 44.e6 fxe6+ 45.Kxe6
h3 46.Kf5 h2 47.Kf4 Rd3 48.e5 h1=Q 49.Kf5 Qf3+ 50.Kg5 Qf2 51.Kg4 Rg3+ 52.Kh4 Qh2#
  0-1

[Event "Oberbayerische Jugend-EM 2014/15  U16/U16w"]
[Site "Riedenburg"]
[Date "2015.02.18"]
[Round "1"]
[White "Schumann, Oliver"]
[Black "Schuster, Alexander"]
[Result "1-0"]
[BlackElo "1203"]
[WhiteElo "1597"]

1.e4 e5 2.Nf3 Nc6 3.d4 exd4 4.Nxd4 d5 5.Nxc6 bxc6 6.exd5 cxd5 7.Bb5+ Bd7 8.Qxd5 Nf6
9.Bxd7+ Nxd7 10.Nc3 Rb8 11.b3 Bb4 12.Qe4+ Qe7 13.Qxe7+ Kxe7 14.Bb2 Rhe8 15.O-O-O
Nf6 16.Nd5+ Nxd5 17.Rxd5 Kf8 18.Re5 Red8 19.Re2 Bc5 20.Rd1 Bd6 21.h3 f6 22.Kb1 Bc5
23.Rxd8+ Rxd8 24.a4 Rd1+ 25.Ka2 Kf7 26.Bc3 Kg6 27.f3 Kf5 28.Rd2 Rg1 29.Rd5+ Ke6 30.Rxc5
Kd6 31.Bb4 Rxg2 32.Rg5+ c5 33.Bxc5+ Kc6 34.Rxg2 Kxc5 35.Rxg7 Kd5 36.Rxa7 Ke5 37.Rxh7
f5 38.a5 Kf4 39.a6 Kxf3 40.Rf7 Kf4 41.a7 Kg5 42.a8=Q f4 43.Qg8+ Kh4 44.Rh7#   1-0

[Event "Oberbayerische Jugend-EM 2014/15  U16/U16w"]
[Site "Riedenburg"]
[Date "2015.02.19"]
[Round "2"]
[White "Kobl, Rudolf"]
[Black "Ovsepyan, Arshak"]
[Result "0-1"]
[BlackElo "2115"]
[WhiteElo "1622"]

1.d4 d5 2.c4 e6 3.Nc3 Nf6 4.Bg5 Be7 5.e3 O-O 6.Nf3 b6 7.Bd3 dxc4 8.Bxc4 Bb7 9.O-O
Nbd7 10.Rc1 Rc8 11.Re1 c5 12.Bd3 cxd4 13.Nxd4 Nc5 14.Bb1 a6 15.Bf4 b5 16.a3 Qb6 17.b4
Nce4 18.Nxe4 Bxe4 19.Bxe4 Nxe4 20.Qd3 Nf6 21.Qb3 Nd5 22.Bg3 Bf6 23.Ne2 h6 24.e4 Ne7
25.Kf1 Bd4 26.Nxd4 Rxc1 27.Rxc1 Qxd4 28.f3 Rc8 29.Rxc8+ Nxc8 30.Bf2 Qa1+ 31.Be1 Nd6
32.Ke2 Nc4 33.Qc3 Qa2+ 34.Bd2 Nxa3 35.Qc8+ Kh7 36.Qxa6 Qc4+ 37.Kf2 Qd3 38.Be1 Nc2
39.Qb6 Nd4 40.Kg3 Qe3 41.Bf2 Qg5+ 42.Kh3 Qh5+ 43.Bh4 g5 44.g3 e5 45.Qf6 gxh4 46.g4
Qg6 47.Qxe5 Nxf3 48.Qf4 Ng5+ 49.Kg2   0-1

[Event "Oberbayerische Jugend-EM 2014/15  U16/U16w"]
[Site "Riedenburg"]
[Date "2015.02.19"]
[Round "2"]
[White "von Schlippe, Nikolai"]
[Black "Schumann, Oliver"]
[Result "1-0"]
[BlackElo "1597"]
[WhiteElo "1972"]

1.e4 e5 2.Nf3 Nc6 3.Bb5 a6 4.Ba4 Bc5 5.O-O Nge7 6.Re1 O-O 7.c3 d6 8.h3 h6 9.d3 f5
10.d4 exd4 11.cxd4 Bb6 12.Nc3 fxe4 13.Nxe4 Bd7 14.Be3 Nf5 15.Rc1 Nce7 16.Bb3+ Kh8
17.Bd2 Nxd4 18.Nxd4 Bxd4 19.Bxh6 Bxf2+ 20.Nxf2 gxh6 21.Rxc7 Rxf2 22.Qd4+ Kh7 23.Qxf2
Nf5 24.Qxf5+ Kg7 25.Rxd7+   1-0

[Event "Oberbayerische Jugend-EM 2014/15  U16/U16w"]
[Site "Riedenburg"]
[Date "2015.02.19"]
[Round "2"]
[White "Wagner, Patrick"]
[Black "Manco, Michela"]
[Result "1-0"]
[BlackElo "1640"]
[WhiteElo "1492"]

1.e4 e5 2.Nf3 Nc6 3.Bc4 Bc5 4.O-O Nf6 5.d4 Bxd4 6.Nxd4 Nxd4 7.f4 d6 8.fxe5 dxe5 9.Bg5
Bd7 10.c3 Ne6 11.Bxf6 gxf6 12.Na3 Qe7 13.Qf3 a6 14.Qxf6 Qxf6 15.Rxf6 Ke7 16.Raf1
Raf8 17.Nc2 Rhg8 18.Ne3 Ke8 19.Nd5 Rg7 20.R6f2 c6 21.Nf6+ Ke7 22.Nxd7 Kxd7 23.Rd1+
Ke7 24.Bxe6 Kxe6 25.Rfd2 f6 26.Kf2 Rff7 27.Rd6+ Ke7 28.Rd7+ Ke8 29.Rd8+ Ke7 30.R1d7+
Ke6 31.Rd6+ Ke7 32.b4 h6 33.c4 f5 34.R8d7+ Ke8 35.Rxf7 Rxf7 36.Rxh6 fxe4+ 37.Ke2
Kd7 38.Rg6 Rf4 39.Ke3 Rh4 40.h3 Rf4 41.Rg4 Rf1 42.Kxe4 Rb1 43.a3 Rb3 44.Kxe5 Rxa3
45.h4   1-0

[Event "Oberbayerische Jugend-EM 2014/15  U16/U16w"]
[Site "Riedenburg"]
[Date "2015.02.19"]
[Round "2"]
[White "Gnettner, Fabian"]
[Black "Hausmann, Sarah"]
[Result "1/2-1/2"]
[BlackElo "1399"]
[WhiteElo "1587"]

1.e4 e5 2.Nf3 Nc6 3.Bc4 Bc5 4.O-O Nf6 5.Nc3 O-O 6.d3 h6 7.Na4 Be7 8.Nh4 d5 9.Bxd5
Nxd5 10.exd5 Qxd5 11.Nc3 Qd8 12.Nf3 Bg4 13.h3 Bh5 14.g4 Bg6 15.Re1 Bd6 16.Ne4 Bxe4
17.Rxe4 f5 18.gxf5 Rxf5 19.Nh4 Rf7 20.Be3 Qf6 21.c3 g5 22.Qh5 Rg7 23.Nf3 Qg6   1/2-1/2

[Event "Oberbayerische Jugend-EM 2014/15  U16/U16w"]
[Site "Riedenburg"]
[Date "2015.02.19"]
[Round "2"]
[White "Shvartsman, Kristina"]
[Black "Gauchel, Lorenz"]
[Result "0-1"]
[BlackElo "1811"]
[WhiteElo "1364"]

1.e4 Nf6 2.d3 d5 3.exd5 Nxd5 4.g3 g6 5.Bg2 Bg7 6.Ne2 c6 7.c3 Bf5 8.d4 Nd7 9.O-O N7f6
10.Nd2 O-O 11.Nf3 Qb6 12.b3 Rfd8 13.Bd2 Rac8 14.Ne5 Ne4 15.Nc4 Qc7 16.Qe1 Nxd2 17.Qxd2
c5 18.Bxd5 Rxd5 19.Ne3 Rd7 20.Nxf5 gxf5 21.Qe3 cxd4 22.cxd4 Qb6 23.Rac1 Rcd8 24.Rfd1
e5 25.Qf3 Qg6 26.d5 e4 27.Qg2 Qa6 28.Nf4 Qxa2 29.Qh3 Qxb3 30.Qxf5 e3 31.Rf1 exf2+
32.Rxf2 Bd4 33.Qg5+ $2 (33.Qg4+ Kh8 34.Ng6+ hxg6 35.Qxd4+) 33...Kh8 34.Nh5 Qe3 35.Qxe3
Bxe3 36.Nf6 Rd6 37.Ne4 Rxd5 38.Rc7 Bxf2+ 39.Kxf2 R5d7   0-1

[Event "Oberbayerische Jugend-EM 2014/15  U16/U16w"]
[Site "Riedenburg"]
[Date "2015.02.19"]
[Round "2"]
[White "Daoud, Marcel"]
[Black "Gauchel, Verena"]
[Result "1-0"]
[BlackElo "1287"]
[WhiteElo "1672"]

1.e4 c5 2.Nc3 Nc6 3.f4 d6 4.Nf3 Nf6 5.Bb5 Bg4 6.O-O g6 7.h3 Bd7 8.e5 dxe5 9.fxe5 Ng8
10.Bxc6 Bxc6 11.d3 Bg7 12.Be3 b6 13.Qe1 e6 14.Bg5 Qd7 15.Ne4 Bxe4 16.Qxe4 Qd5 17.Qa4+
Qd7 18.Qh4 Ne7 19.g4 h6 20.Bf6 g5 21.Qg3 Bxf6 22.exf6 Ng6 23.Kh2 Rd8 24.Rae1 Qd6
25.Ne5 Nxe5 26.Rxe5 Qc6 27.Rfe1 a6 28.b3 Rd5 29.Qf3 O-O 30.Qg3 Rfd8 31.h4 Rxe5 32.Rxe5
Rd5 33.Rxd5 exd5 34.hxg5 hxg5 35.Qe5 Qe6 36.Qxg5+ Kf8 37.Kh3 d4 38.Kh4 Qe1+ 39.Kh5
Qh1+ 40.Qh4 Qd5+ 41.Kh6 Qe5 42.Kh7 Qe2 43.Qg3 Ke8 44.Qb8+ Kd7 45.Qb7+ Kd6 46.Qxb6+
Kd7 47.Qb7+ Kd6 48.Qxf7 Qxg4 49.Qe7+ Kc6 50.Qe4+ Qxe4+ 51.dxe4 Kd6 52.f7 Ke7 53.Kg7
a5 54.f8=Q+ Kd7 55.Qf6 c4 56.bxc4 d3 57.cxd3 a4 58.c5 a3 59.Qd6+ Kc8 60.Qe7 Kb8 61.c6
Kc8 62.Qd7+ Kb8 63.Qb7#   1-0

[Event "Oberbayerische Jugend-EM 2014/15  U16/U16w"]
[Site "Riedenburg"]
[Date "2015.02.19"]
[Round "2"]
[White "Schuster, Alexander"]
[Black "Tupta, Szymon"]
[Result "0-1"]
[BlackElo "1505"]
[WhiteElo "1203"]

1.e4 c5 2.Nc3 d6 3.Bc4 Nf6 4.Nf3 Nc6 5.d3 g6 6.O-O Bg7 7.h3 O-O 8.Bg5 a6 9.Re1 Qc7
10.Bxf6 exf6 11.Nd5 Qd8 12.c3 Re8 13.Re2 Ne7 14.d4 b5 15.Nxe7+ Qxe7 16.Bd5 Bb7 17.Qe1
Bxd5 18.exd5 Qxe2 19.Qxe2 Rxe2 20.dxc5 dxc5 21.b3 f5 22.Rc1 Rxa2 23.c4 Ra1 24.Rxa1
Bxa1 25.cxb5 axb5 26.Ne1 Rd8 27.Nc2 Rxd5 28.Nxa1 Rd1+ 29.Kh2 Rxa1 30.Kg3 c4 31.bxc4
bxc4 32.Kf3 c3 33.Ke3 c2 34.g4 c1=Q+ 35.Kf3 Qh1+ 36.Kg3 Rg1+ 37.Kh4 Rxg4#   0-1

[Event "Oberbayerische Jugend-EM 2014/15  U16/U16w"]
[Site "Riedenburg"]
[Date "2015.02.19"]
[Round "3"]
[White "Ovsepyan, Arshak"]
[Black "von Schlippe, Nikolai"]
[Result "1/2-1/2"]
[BlackElo "1972"]
[WhiteElo "2115"]

1.d4 d5 2.c4 c6 3.Nc3 Nf6 4.Nf3 e6 5.e3 Bd6 6.Bd3 Nbd7 7.e4 dxe4 8.Nxe4 Nxe4 9.Bxe4
e5 10.dxe5 Nxe5 11.Nxe5 Bxe5 12.Qxd8+ Kxd8 13.Bg5+ f6 14.O-O-O+ Kc7 15.Be3 Be6 16.b3
h6 17.h3 Rhd8 18.Rxd8 Rxd8 19.Rd1 Rxd1+ 20.Kxd1 a5   1/2-1/2

[Event "Oberbayerische Jugend-EM 2014/15  U16/U16w"]
[Site "Riedenburg"]
[Date "2015.02.19"]
[Round "3"]
[White "Hausmann, Sarah"]
[Black "Wagner, Patrick"]
[Result "0-1"]
[BlackElo "1492"]
[WhiteElo "1399"]

1.g3 d5 2.Bg2 Nf6 3.d3 c5 4.Nf3 Nc6 5.O-O e5 6.Nbd2 Be7 7.c4 d4 8.Nb3 h6 9.Nfd2 Be6
10.Ne4 Nxe4 11.Bxe4 f5 12.Bg2 Qc7 13.e3 O-O-O 14.Qc2 Nb4 15.Qe2 dxe3 16.Bxe3 Nxd3
17.a3 Bxc4 18.Qc2 Bxb3 19.Qxb3 Qb6 20.Qxb6 axb6 21.b3 Bf6 22.Rab1 e4 23.f3 exf3 24.Rxf3
g6 25.Bh3 Rhe8 26.Bc1 Re1+ 27.Rf1 Bd4+ 28.Kg2 Re2+ 29.Kf3 Rxh2   0-1

[Event "Oberbayerische Jugend-EM 2014/15  U16/U16w"]
[Site "Riedenburg"]
[Date "2015.02.19"]
[Round "3"]
[White "Gauchel, Lorenz"]
[Black "Kobl, Rudolf"]
[Result "1/2-1/2"]
[BlackElo "1622"]
[WhiteElo "1811"]

1.d4 Nf6 2.c4 e6 3.Nc3 Bb4 4.f3 d5 5.a3 Bxc3+ 6.bxc3 c5 7.e3 Nc6 8.Nh3 O-O 9.Bd3 b6
10.Nf2 Re8 11.cxd5 exd5 12.O-O Bb7 13.Re1 Ne7 14.Rb1 Qd7 15.a4 Bc6 16.Bb5 Bxb5 17.Rxb5
Qc6 18.Nd3 Nd7 19.Ba3 a6 20.Rb2 Nf5 21.Rbe2 Nd6 22.Nb2 f5 23.Rd2 c4 24.Qc2 g6 25.Bxd6
Qxd6 26.e4 fxe4 27.fxe4 dxe4 28.Rxe4 b5 29.Rde2 Nf6 30.Re5 Qd7 31.Qd2 Nd5 32.Nd1
Qc6 33.axb5 axb5 34.Qg5 Nc7 35.Rc5 Qd6   1/2-1/2

[Event "Oberbayerische Jugend-EM 2014/15  U16/U16w"]
[Site "Riedenburg"]
[Date "2015.02.19"]
[Round "3"]
[White "Schumann, Oliver"]
[Black "Daoud, Marcel"]
[Result "0-1"]
[BlackElo "1672"]
[WhiteElo "1597"]

1.e4 e6 2.Nc3 d5 3.exd5 exd5 4.d3 Bb4 5.Bd2 Nf6 6.Nf3 O-O 7.Be2 c5 8.a3 Ba5 9.O-O
Nc6 10.Na4 Bxd2 11.Nxd2 Qd6 12.Nc3 Nd4 13.h3 Bd7 14.Bf3 Rfe8 15.Ne2 Nxf3+ 16.Nxf3
Nh5 17.Qd2 Qg6 18.Nf4 Nxf4 19.Qxf4 Bxh3 20.g3 Bxf1 21.Kxf1 Qe6 22.Ng5 Qe2+ 23.Kg2
f6 24.Nf3 Qxc2 25.Rc1 Qxb2 26.Rxc5 Qxa3 27.Rxd5 Rad8 28.Rb5 b6 29.d4 Qd6 30.Qd2 Qc6
31.Rb3 Re4 32.Rd3 Qd5 33.Kg1 Rde8 34.Qb4 g5 35.Rd1 Re2 36.Nh2 Qa2 37.Ng4 Kg7 38.Qb5
Qe6 39.Ne3 Rxe3 40.fxe3 Qxe3+ 41.Kg2 Qe2+ 42.Qxe2 Rxe2+ 43.Kf3 Re7 44.Kg4 Kg6 45.d5
f5+ 46.Kf3 g4+ 47.Kf2 Kf6 48.Rd2 Rd7 49.Ke3 Ke5 50.Re2 Rxd5 51.Ra2 a5 52.Rb2 b5 53.Rh2
Rd7 54.Rb2 b4 55.Rc2 Rd5 56.Rh2 Rb5 57.Rxh7 b3 58.Rh1 b2 59.Rb1 a4   0-1

[Event "Oberbayerische Jugend-EM 2014/15  U16/U16w"]
[Site "Riedenburg"]
[Date "2015.02.19"]
[Round "3"]
[White "Manco, Michela"]
[Black "Tupta, Szymon"]
[Result "1-0"]
[BlackElo "1505"]
[WhiteElo "1640"]

1.e4 c5 2.Nf3 d6 3.c3 Nf6 4.Bc4 Nc6 5.d3 g6 6.Nbd2 Bg7 7.O-O O-O 8.Bb3 d5 9.e5 Ng4
10.d4 Nh6 11.Re1 cxd4 12.cxd4 Nf5 13.Nf1 Qb6 14.Bxd5 Nfxd4 15.Be3 Nxf3+ 16.Qxf3 Nxe5
17.Bxb6 Nxf3+ 18.gxf3 axb6 19.Rxe7 Bxb2 20.Rb1 Bd4 21.Ne3 Bc5 22.Rc7 Bd6 23.Bxb7
Bxb7 24.Rxb7 Bc5 25.Rb2 Ra3 26.Kg2 Rfa8 27.Rd7 Rxa2 28.Rdd2 Rxb2 29.Rxb2 Ra3 30.Nc4
Ra6 31.f4 f6 32.f3 Kf7 33.Kg3 Ke6 34.h4 Kd5 35.Nd2 Ra7 36.Ne4 Bd4 37.Rd2 Rb7 38.Nxf6+
Kc4 39.Ne4 b5 40.Nd6+ Kc5 41.Nxb7+ Kb6   1-0

[Event "Oberbayerische Jugend-EM 2014/15  U16/U16w"]
[Site "Riedenburg"]
[Date "2015.02.19"]
[Round "3"]
[White "Shvartman, Kristina"]
[Black "Gnettner, Fabian"]
[Result "0-1"]
[BlackElo "1587"]
[WhiteElo "1364"]

1.e4 c5 2.Nf3 d6 3.d4 cxd4 4.Nxd4 Nf6 5.Nc3 g6 6.Be3 Bg7 7.Be2 Nc6 8.O-O O-O 9.Qd2
Bd7 10.f4 Ng4 11.Bxg4 Bxg4 12.f5 Ne5 13.h3 Nc4 14.Qc1 Nxe3 15.Qxe3 Qb6 16.Kh1 Bxd4
17.Qg5 Bxc3 18.bxc3 Be2 19.Rf4 Qe3 20.fxg6 hxg6 21.Qh4 Kg7 22.Qg5 f6 23.Qh4 g5  
0-1

[Event "Oberbayerische Jugend-EM 2014/15  U16/U16w"]
[Site "Riedenburg"]
[Date "2015.02.19"]
[Round "3"]
[White "Gauchel, Verena"]
[Black "Schuster, Alexander"]
[Result "1-0"]
[BlackElo "1203"]
[WhiteElo "1287"]

1.d4 d5 2.Bf4 Nf6 3.Nf3 Bf5 4.e3 e6 5.Nbd2 Nc6 6.c3 h6 7.h3 Bd6 8.Ne5 O-O 9.Be2 Ne4
10.O-O Nxe5 11.dxe5 Bc5 12.Nb3 Bb6 13.a4 a5 14.Nd4 Bh7 15.Qc1 c6 16.b4 axb4 17.cxb4
Qb8 18.f3 Ng5 19.h4 f6 20.exf6 e5 21.Bxe5 Qxe5 22.f4 Qxf6 23.hxg5 Qe7 24.Bg4 Bxd4
25.exd4 Qxb4 26.Be6+ Kh8 27.Qe3 Rae8 28.gxh6 Qe7 29.Qe5 Rf6 30.Bh3 Rxh6 31.Rfe1 Be4
32.Bf5 Qxe5 33.fxe5 Bxf5 34.Rf1 Bd3 35.Rf7 Rh4 36.Rxb7 Rxd4 37.Rc7 Rc4 38.a5 Rc5
39.a6 Rb5 40.Rxc6 Rbb8 41.a7 Ra8 42.Rc7 Kh7 43.Rb7 Kh6 44.Ra4 Be4 45.Rb6+ Kg5 46.Rb7
Kf5 47.Rxg7 Kxe5 48.Rb7 d4 49.Rbb4 Red8 50.Kf2 Rd7 51.Rb5+ Bd5 52.Rba5 Ke4 53.Ke2
Rg7 54.Kf2 Ke5 55.g3 Rf7+ 56.Ke2 Rf3 $4 57.Rxd5+ Kxd5 58.Kxf3 Kc5 59.Ke4 Kb5 60.Ra1
Kc4 61.Rc1+ Kb5 62.Kxd4 Rxa7 63.Rb1+ Kc6 64.Ke5 Re7+ 65.Kf6 Re2 66.g4 Rf2+ 67.Kg6
Rf8 68.Rc1+ Kd6 69.Kg7 Rf4 70.g5 Rg4 71.Kf6 Rf4+ 72.Kg6 Ke5 73.Rc5+ Ke6 {Schwarz
ueberschritt die Zeit}   1-0

[Event "Oberbayerische Jugend-EM 2014/15  U16/U16w"]
[Site "Riedenburg"]
[Date "2015.02.20"]
[Round "4"]
[White "Wagner, Patrick"]
[Black "Ovsepyan, Arshak"]
[Result "1-0"]
[BlackElo "2115"]
[WhiteElo "1492"]

1.b4 e6 2.Bb2 Nf6 3.b5 d5 4.Nf3 Bd6 5.e3 O-O 6.Be2 c5 7.c4 b6 8.O-O Bb7 9.d4 Nbd7
10.Nbd2 cxd4 11.exd4 Bb4 12.Rc1 a6 13.Qb3 Be7 14.Rfe1 dxc4 15.Bxc4 Kh8 16.bxa6 Bxa6
17.Bxa6 Rxa6 18.Ne5 Nxe5 19.Rxe5 Bd6 20.Rb5 Bf4 21.Rc2 Bxd2 22.Rxd2 Nd5 23.Ba3 Re8
24.Qf3 Qa8 25.Rd3 Rc8 26.h3 Qb8 27.g3 Qc7 28.Rbb3 Kg8 29.h4 Qd8 30.Qe2 h6 31.Rf3
Qc7 $4 32.Qxa6   1-0

[Event "Oberbayerische Jugend-EM 2014/15  U16/U16w"]
[Site "Riedenburg"]
[Date "2015.02.20"]
[Round "4"]
[White "von Schlippe, Nikolai"]
[Black "Manco, Michela"]
[Result "1-0"]
[BlackElo "1640"]
[WhiteElo "1972"]

1.e4 e5 2.Nf3 Nc6 3.Bb5 a6 4.Ba4 b5 5.Bb3 Nf6 6.O-O d6 7.Re1 Be7 8.c3 O-O 9.h3 Bb7
10.d3 Na5 11.Bc2 c5 12.Nbd2 Nc6 13.Nf1 Qc7 14.Bg5 Rad8 15.Qe2 h6 16.Bd2 Bc8 17.Rad1
Nh7 18.Ng3 Rde8 19.Bc1 Bd7 20.Nh2 Bg5 21.Bxg5 Nxg5 22.Ng4 Ne7 23.Ne3 Qc8 24.d4 c4
25.Rf1 Ng6 26.f3 Nf4 27.Qd2 Rd8 28.h4 Nh7 29.Ngf5 Qc7 30.g3 Nh5 31.Nd5 Qb8 32.Qg2
N5f6 33.Nde3 Rfe8 34.f4 exd4 35.cxd4 Bc6 36.d5 Bb7 37.g4 Nd7 38.g5 hxg5 39.hxg5 g6
40.Nh6+ Kg7 41.Qh3 Qa7 42.Kg2   1-0

[Event "Oberbayerische Jugend-EM 2014/15  U16/U16w"]
[Site "Riedenburg"]
[Date "2015.02.20"]
[Round "4"]
[White "Daoud, Marcel"]
[Black "Gauchel, Lorenz"]
[Result "1/2-1/2"]
[BlackElo "1811"]
[WhiteElo "1672"]

1.e4 Nf6 2.e5 Nd5 3.d4 d6 4.c4 Nb6 5.exd6 exd6 6.Nc3 Be7 7.Bd3 Nc6 8.Nge2 Bg4 9.f3
Bh5 10.O-O O-O 11.Nf4 Bg6 12.Nxg6 hxg6 13.d5 Ne5 14.f4 Nxd3 15.Qxd3 Qd7 16.f5 gxf5
17.Rxf5 Nxc4 18.Rh5 g6 19.Rh3 Ne5 20.Qe3 Ng4 21.Qf4 f5 22.Bd2 Bf6 23.Qb4 a6 24.Ne2
Qb5 25.Qxb5 axb5 26.Bc3 Be5 27.b4 Ra4 28.a3 Nf6 29.Bxe5 dxe5 30.Nc3 Raa8 31.Rd3 Rfd8
32.Nxb5 c6 33.Nc7 Rac8 34.d6 Ne4 35.Rad1 Kf7 36.Ne8 Rd7 37.Nc7 Rxd6 38.Rxd6 Nxd6
39.Rxd6 Rxc7 40.Kf2 Re7 41.g4 fxg4 42.Kg3 e4 43.Kxg4 e3 44.Rd1 e2 45.Re1 Re3 46.Kg5
b6 47.Kf4 Rxa3 48.Rxe2 Ra4 49.Re4 Kf6 50.Rd4 c5 51.Rd6+ Kf7 52.Kg5 Rxb4 53.Rf6+ Ke7
54.Rxg6 Rb2 55.Rh6 c4 56.h4 c3 57.Rc6 Rb5+ 58.Kf4 Rb4+ 59.Ke3 Rxh4 60.Rxb6 Rc4 61.Rb1
c2   1/2-1/2

[Event "Oberbayerische Jugend-EM 2014/15  U16/U16w"]
[Site "Riedenburg"]
[Date "2015.02.20"]
[Round "4"]
[White "Gnettner, Fabian"]
[Black "Schumann, Oliver"]
[Result "0-1"]
[BlackElo "1597"]
[WhiteElo "1587"]

1.e4 e5 2.Nf3 Nc6 3.d4 exd4 4.Nxd4 Bc5 5.Be3 Qf6 6.c3 Nge7 7.Bc4 Ne5 8.Bb3 d6 9.h3
O-O 10.O-O Qg6 11.Qd2 Bxd4 12.Bg5 Bb6 13.Kh1 N5c6 14.f4 h6 15.Bh4 Qh5 16.Bxe7 Nxe7
17.f5 Qg5 18.Qe2 Nc6 19.Na3 Ne5 20.Nc4 Nxc4 21.Bxc4 Bd7 22.Rf3 Rae8 23.Raf1 Bc6 24.Rf4
Qf6 25.Qg4 Be3 26.R4f3 Rxe4 27.Qxe4 Bxe4 28.Rxe3 d5 29.Bb3 Qg5 30.Rxe4 dxe4 31.Bxf7+
  0-1

[Event "Oberbayerische Jugend-EM 2014/15  U16/U16w"]
[Site "Riedenburg"]
[Date "2015.02.20"]
[Round "4"]
[White "Tupta, Szymon"]
[Black "Gauchel, Verena"]
[Result "1-0"]
[BlackElo "1287"]
[WhiteElo "1505"]

1.e4 c5 2.Nf3 Nc6 3.c3 Nf6 4.Bd3 d6 5.Bc2 e5 6.h3 h6 7.d4 Bd7 8.O-O Be7 9.Be3 b6 10.a3
a5 11.Nbd2 O-O 12.Nc4 b5 13.dxe5 dxe5 14.Ncxe5 Re8 15.Nxd7 Nxd7 16.Qe2 b4 17.axb4
axb4 18.Ba4 Qc7 19.Qb5 Rac8 20.cxb4 cxb4 21.Rac1 Ndb8 22.Nd4 Nxd4 23.Qxe8+ Rxe8 24.Rxc7
Ne2+ 25.Kh1 Bd6 26.Rc2 Rxe4 27.Rxe2 Na6 28.Rc2 Re6 29.Rc6 Nb8 30.Rc8+ Kh7 31.Rd1
g5 32.Bc2+ Kg7 33.Bd4+ f6 34.Bc5 Bxc5 35.Rxc5 Re7 36.Rb5 Nc6 37.Rb6 Ne5 38.Rxb4 h5
39.Ba4 Kg6 40.Bc2+ Kg7 41.Ra1 Rc7 42.Be4 Kf7 43.Rb7 Rxb7 44.Bxb7 Nd3 45.Rb1 Nxf2+
46.Kg1 Nd3 47.b4 Ne5 48.b5 Nd7 49.b6 Ke7 50.Bf3 h4 51.b7 Nb8 52.Rc1 Kd7 53.Rc8 Na6
54.b8=Q Nxb8 55.Rxb8 Kc7 56.Rf8 Kd6 57.Rxf6+ Ke5 58.Ra6 Kf5 59.Ra4 Ke5 60.Rg4 Kf5
61.Be4+ Kf6 62.Bb1 Ke5 63.Rxg5+ Kf4 64.Rg4+ Ke5 65.Rxh4 Kf6 66.g4 Kg5 67.Rh5+ Kf6
68.Ra5 Kg7 69.h4 Kh6 70.Ra6+ Kg7 71.g5 Kf7 72.g6+ Kg7 73.Ra7+ Kf8 74.h5 Kg8 75.h6
Kh8 76.g7+ Kg8 77.h7#   1-0

[Event "Oberbayerische Jugend-EM 2014/15  U16/U16w"]
[Site "Riedenburg"]
[Date "2015.02.20"]
[Round "4"]
[White "Schuster, Alexander"]
[Black "Shvartsman, Kristina"]
[Result "1/2-1/2"]
[BlackElo "1364"]
[WhiteElo "1203"]

1.e4 c5 2.Nc3 d6 3.Bc4 e6 4.Nf3 Nc6 5.d3 Nf6 6.Bg5 Be7 7.O-O a6 8.a3 b5 9.Bb3 Bb7
10.Re1 O-O 11.a4 Qb6 12.axb5 axb5 13.Qd2 Rxa1 14.Rxa1 Nd7 15.Bxe7 Nxe7 16.Qd1 d5
17.exd5 Nxd5 18.Nxd5 exd5 19.c3 Nf6 20.d4 c4 21.Bc2 Re8 22.Ne5 Ra8 23.Rb1 Qd6 24.b3
Bc8 25.bxc4 bxc4 26.Qf3 Ra2 27.Qd1 Ne8 28.Ba4 Qf6 29.Bc2 Rxc2 30.Qxc2 Bf5 31.Qa4
  1/2-1/2

[Event "Oberbayerische Jugend-EM 2014/15  U16/U16w"]
[Site "Riedenburg"]
[Date "2015.02.20"]
[Round "5"]
[White "von Schlippe, Nikolai"]
[Black "Wagner, Patrick"]
[Result "1-0"]
[BlackElo "1492"]
[WhiteElo "1972"]

1.e4 e5 2.Nf3 Nc6 3.Bb5 a6 4.Ba4 Nf6 5.O-O Be7 6.Re1 b5 7.Bb3 O-O 8.c3 d5 9.exd5 Nxd5
10.d4 exd4 11.Nxd4 Nxd4 12.cxd4 Be6 13.Nc3 Nxc3 14.bxc3 Bd6 15.Qh5 Bxb3 16.axb3 Re8
17.Be3 c5 18.dxc5 Re5 19.Qd1 Bxc5 20.Rxa6 Bxe3 21.Rxa8 Bxf2+ 22.Kxf2 Rf5+ 23.Kg1
Qxa8 24.Qd7   1-0

[Event "Oberbayerische Jugend-EM 2014/15  U16/U16w"]
[Site "Riedenburg"]
[Date "2015.02.20"]
[Round "5"]
[White "Ovsepyan, Arshak"]
[Black "Daoud, Marcel"]
[Result "1/2-1/2"]
[BlackElo "1672"]
[WhiteElo "2115"]

1.d4 Nf6 2.c4 e6 3.Nf3 Bb4+ 4.Nbd2 O-O 5.e3 d6 6.Bd3 Re8 7.a3 Bxd2+ 8.Nxd2 e5 9.O-O
Nc6 10.d5 Ne7 11.b4 Bf5 12.e4 Bg4 13.f3 Bd7 14.Nb3 Ba4 15.Be3 Ng6 16.g3 Qd7 17.Bc2
b6 18.c5 h5 19.Kg2 Qe7 20.Nc1 Bxc2 21.Qxc2 Rec8 22.Rd1 Nh7 23.Ne2 Qd7 24.Rac1 Ne7
25.Qd3 f5 26.c6 Qe8 27.exf5 Qf7 28.g4 hxg4 29.fxg4 Nf6 30.Bg5 Qxd5+ 31.Qxd5+ Nexd5
32.Ng3 b5 33.Kf3 Nh7 34.Bd2 Nb6 35.g5 Nc4 36.g6 Nf6 37.Bg5 Rf8 38.Bxf6 Rxf6 39.Ke4
Raf8 40.h4 Rd8 41.Rd5 a6 42.h5 Nb6 43.Rd3 Re8 44.h6 d5+ 45.Ke3 gxh6 46.Rh1 d4+ 47.Ke2
Nd5 48.Ke1 Nf4 49.Rd2 Kg7 50.Rdh2 Rh8 51.Rf1 Re8 52.Rfh1 Rh8   1/2-1/2